Бизнес комуникации (Запис номер 327396)
[ съкратено ]
| 000 -Лидер | |
|---|---|
| Контролно поле с фиксирана дължина | 01642nam a2200433 c 4500 |
| 003 - Код на организацията, давaща контролен номер | |
| Контролно поле | BLK |
| 005 - Дата и час на последна редакция | |
| Контролно поле | 20240117181251.0 |
| 008 - Елементи от данни с фиксирана дължина | |
| fixed length control field | 180409b bul|||||r ||||||| ||bul|| |
| 010 ## - Наследен системен номер | |
| LC control number | KNG00110985000 |
| 020 ## - Международен стандартен номер на книга ISBN | |
| Международен стандартен номер на книга ISBN | 9786191870516 |
| 040 ## - Източник на каталожния запис | |
| Идентификатор на билиотеката - собственик на записа | BLK |
| 041 ## - Код за език | |
| Код за езика на текст/звукозапис или на отделно заглавие | Български |
| Код за езика КДБФ | Български |
| 080 ## - УДК | |
| УДК код - определител по УДК | 330.16 |
| Текстов определител УДК | Икономическа психология. Икономическо поведение. Физиологични и психологични елементи. Интереси. Икономически дух |
| УДК - код + определител | 330.16 |
| 080 ## - УДК | |
| УДК код - определител по УДК | 005.57 |
| УДК определител | 005.57 |
| 100 1# - Редна дума - Автор | |
| Автор | Мавродиева-Георгиева, Иванка Тодорова |
| Авторска отговорност | първи автор |
| R(LIN) | 372073 |
| 139 ## - Редно поле | |
| Редна дума | Мавродиева-Георгиева, Иванка Тодорова |
| Авторски знак | Ма - М 12 |
| 245 10 - Сведения за заглавието | |
| Заглавие | Бизнес комуникации |
| Подзаглавни данни | по новата програма |
| Редно поле (дума) | Иванка Тодорова Мавродиева-Георгиева, Мая Гешева |
| 257 ## - Страна на издаване | |
| Страна на създаване/издаване | България |
| 260 ## - Област на издателските данни | |
| Име на издателя, разпространителя и проч. | БГ учебник |
| Година на издаване | 2018 |
| 9 (RLIN) | 218930 |
| Място на издаване, разпространение и проч. | София |
| Издателство - префикс ISBN | 978-619-187- |
| 300 ## - Физическа характеристика | |
| Страници | 192 с. |
| Илюстрации и др. | с табл. |
| Размери/Мащаб | 20 см |
| 380 ## - Жанр | |
| Жанр | Обществени науки |
| 504 ## - Забележка за наличие на библиография и др | |
| Забележка за наличие на библиография и под. | 99-101 |
| 650 #0 - Допълнително описание по предмет – тема | |
| Основно описание – тема или топоним | Комуникация, корпоративна |
| 9 (RLIN) | 299674 |
| 653 #7 - Ключова дума – ненормативна | |
| Ключова дума | бизнеспротокол |
| 9 (RLIN) | 181959 |
| 658 #0 - Ключова дума – цел на учебна програма | |
| 9 (RLIN) | 272422 |
| Ключова дума – основна цел на учебна програма | Бизнес кореспонденция |
| 700 ## - Други автори (авторска отговорност) | |
| 9 (RLIN) | 367806 |
| Лично име | Гешева, Мая |
| Автороска отговорност (Описва отношението между автора и произведението) | съавт. |
| 852 ## - Местоположение | |
| Форматна сигнатура | Цб 294275 |
| 856 4# - Електронен адрес и достъп | |
| Електронен формат | pdf - файл |
| 856 4# - Електронен адрес и достъп | |
| Електронен формат | pdf - файл |
| 999 ## - СИСТЕМНИ КОНТРОЛНИ НОМЕРА | |
| Koha biblionumber | 327396 |
| Koha biblioitemnumber | 327396 |
| 942 ## - АРТИКУЛИ | |
| Вид на библиотечния материал | Книги |
| Скрит в OPAC | Не |
| Koha issues (borrowed), all copies | 8 |
| 999 ## - СИСТЕМНИ КОНТРОЛНИ НОМЕРА | |
| Koha biblioitemnumber | 327396 |
| 999 ## - СИСТЕМНИ КОНТРОЛНИ НОМЕРА | |
| Koha biblioitemnumber | 327396 |
| 999 ## - СИСТЕМНИ КОНТРОЛНИ НОМЕРА | |
| Koha biblioitemnumber | 327396 |
| 999 ## - СИСТЕМНИ КОНТРОЛНИ НОМЕРА | |
| Koha biblioitemnumber | 327396 |
| 999 ## - СИСТЕМНИ КОНТРОЛНИ НОМЕРА | |
| Koha biblioitemnumber | 327396 |
| 999 ## - СИСТЕМНИ КОНТРОЛНИ НОМЕРА | |
| Koha biblioitemnumber | 327396 |
| 999 ## - СИСТЕМНИ КОНТРОЛНИ НОМЕРА | |
| Koha biblioitemnumber | 327396 |
| 999 ## - СИСТЕМНИ КОНТРОЛНИ НОМЕРА | |
| Koha biblioitemnumber | 327396 |
| 944 ## - СЪЗДАВАНЕ И РЕДАКЦИЯ на ЗАПИСА | |
| Служител, извършил регистрацията/редакцията | 30576 |
| Статус, дата на статуса | Цветомила Тодорова |
| Код за отписване | Код за изгубен артикул | Източник на класификационната схема | Код за повреда | Коз за рестрикции | Код за отдаване | Артикулен № | Име на библиотеката - собственик | Име на библиотеката, в която се намира в момента | Статус (Текущо местоположение) | Дата на вписване в системата | Местоположение - отдел | Цена в лева | Инвентарен номер | Систематично азбучна сигнатура | Баркод | Цена в евро | Служебен тип на артикула |
|---|---|---|---|---|---|---|---|---|---|---|---|---|---|---|---|---|---|
| Не е изгубен | Universal Decimal Classification | Не е повреден | без рестрикции | заемане за дома | 686732 | Регионална библиотека "Любен Каравелов" Русе | Регионална библиотека "Любен Каравелов" Русе | Заемна - подръчен фонд | 2018-12-13 | Заемна - подръчен фонд | 11.90 | 120000828527 | П 330.16/М 12 | 120000828527 | 6.08 | Книги | |
| Не е изгубен | Universal Decimal Classification | Не е повреден | без рестрикции | заемане за дома | 686733 | Регионална библиотека "Любен Каравелов" Русе | Регионална библиотека "Любен Каравелов" Русе | Заемна - подръчен фонд | 2018-12-13 | Заемна - подръчен фонд | 11.90 | 120000828526 | П 330.16/М 12 | 120000828526 | 6.08 | Книги | |
| Не е изгубен | Universal Decimal Classification | Не е повреден | без рестрикции | ползва се в читалня | 697800 | Регионална библиотека "Любен Каравелов" Русе | Регионална библиотека "Любен Каравелов" Русе | Хранилище | 2019-04-04 | Хранилище | 11.90 | Цб 294275 | 120000831050 | 6.08 | Книги |